Backyardigans Quiz Stats

 Plays Quiz not verified by Sporcle

Also try: Glee by Surname
Challenge
Share
Tweet
Score 0/5 Timer 01:00
0 Plays Today
% Correct
Pablo
95.7%
Tyrone
92%
Austin
90.7%
Uniqua
90.1%
Tasha
89.5%

You're not logged in!

Compare scores with friends on all Sporcle quizzes.
Join for Free
OR
Log In

You Might Also Like...

Show Comments

Extras

Top Quizzes Today


Score Distribution

Your Account Isn't Verified!

In order to create a playlist on Sporcle, you need to verify the email address you used during registration. Go to your Sporcle Settings to finish the process.

Report this User

Report this user for behavior that violates our Community Guidelines.

Details: